| 000 | 00978cab a2200289 4500 | ||
|---|---|---|---|
| 001 | ABS54041 | ||
| 008 | 090401t1995 xxu||||| |||| 00| 0 eng d | ||
| 035 | _a(Sirsi) u8057 | ||
| 041 | _aeng | ||
| 100 | _aMabey, R. | ||
| 245 | _aDevelopment of aggregate policy | ||
| 260 | _c1995 | ||
| 350 | _a0 | ||
| 490 |
_aQuarry Management _vNovember 1995, 17-21(5) |
||
| 520 | _aCharts the development of aggregate policy since the 1940s, examining key reports, persons, committees and trends. Looking in particular at Waters Advisory Committee on Sand and Gravel 1948, Verney Report and MPG6. | ||
| 650 | _aAGGREGATES | ||
| 650 | _aMINERALS PLANNING | ||
| 650 | _aMINERALS | ||
| 650 | _aMINERALS PLANNING GUIDANCE NOTE SIX | ||
| 650 | _aPLANNING SYSTEM | ||
| 650 | _aTOWN AND COUNTRY PLANNING ACT 1947 | ||
| 650 | _aVERNEY REPORT | ||
| 650 | _aWATERS ADVISORY COMMITTEE ON SAND AND GRAVEL 1948 | ||
| 690 | _aMINING AND MINERALS | ||
| 942 | _n0 | ||
| 948 | _c04/03/1997 | ||
| 999 |
_c4907 _d4907 |
||